000 00670nam a2200205Ia 4500
003 GCL
008 140319s9999 xx 000 0 ara d
040 _aGCL /
_cGCL
082 0 4 _a810.8
_bت ف
100 1 _aالتنوخى , القاضى ابوعلى المحسن
245 1 0 _aكتاب الفرج بعد الشدة /
_cالتنوخى , القاضى ابوعلى المحسن
700 1 _aعبود الشالجى (تحقيق)
260 _a[S.N] :
_bدار صادر ،
_c1978
490 _a
650 0 4 _aالشعر العربى
650 0 4 _aالادب العربى
650 0 4 _aدواوين وقصائد
650 0 4 _aالمجموعات
942 _2ddc
_cBK
999 _c57006
_d57006